[Event "MCR_EM_CF12"]
[Site "?"]
[Date "2004.??.??"]
[Round "?"]
[White "Berko, Michal"]
[Black "Jakimic, Viktor"]
[Result "1-0"]
[WhiteElo "2003"]
[BlackElo "2110"]
[PlyCount "95"]
[EventDate "2005.??.??"]
[EventType "corr"]
[EventRounds "2"]
[SourceDate "2005.03.12"]

1. c4 c5 2. Nf3 Nc6 3. Nc3 g6 4. e3 Bg7 5. Be2 Nf6 6. O-O O-O 7. Qb3 b6 8. d4
Na5 9. Qc2 cxd4 10. exd4 d5 11. c5 Bf5 12. Bd3 Bxd3 13. Qxd3 Rc8 14. Rb1 bxc5
15. dxc5 e6 16. Re1 Re8 17. b4 Nc4 18. Nb5 a6 19. Na3 e5 20. Nxc4 e4 21. Qf1
dxc4 22. Nd2 c3 23. Nc4 Qd3 24. Bg5 Re6 25. Rbd1 Qxf1+ 26. Kxf1 Ne8 27. Nb6
Rcc6 28. Rd8 h6 29. Be3 f5 30. a4 Bf6 31. Ra8 Be5 32. g3 g5 33. Rxa6 f4 34. Bc1
c2 35. Re2 Nc7 36. Ra7 Bc3 37. Rxc7 Rxc7 38. Nd5 Rb7 39. Rxc2 Rxb4 40. Rxc3 Rd4
41. Nb6 Rd3 42. Rc4 f3 43. Ke1 Re8 44. Be3 Re7 45. a5 Rc7 46. Ra4 Rxe3+ 47.
fxe3 Rxc5 48. Nc4 1-0

[Event "MCR_EM_CF12"]
[Site "?"]
[Date "2004.??.??"]
[Round "?"]
[White "Berko, Michal"]
[Black "Jarabinsky, Martin"]
[Result "1-0"]
[WhiteElo "2003"]
[BlackElo "2116"]
[PlyCount "51"]
[EventDate "2005.??.??"]
[EventType "corr"]
[EventRounds "2"]
[SourceDate "2005.03.12"]

1. Nf3 d5 2. b3 Nf6 3. e3 Bg4 4. d4 e6 5. Bd3 Nc6 6. h3 Bxf3 7. Qxf3 Bd6 8. O-O
e5 9. dxe5 Nxe5 10. Qe2 Nxd3 11. cxd3 O-O 12. Bb2 c6 13. Nd2 Qe7 14. a4 Rfe8
15. a5 Rac8 16. Nf3 c5 17. Qd2 Qe6 18. Bxf6 Qxf6 19. d4 cxd4 20. Nxd4 Be5 21.
Rfd1 Rc5 22. Qb4 Qe7 23. a6 b6 24. Ra2 Rec8 25. Rad2 Qc7 26. Rd3 1-0

[Event "MCR_EM_CF12"]
[Site "?"]
[Date "2004.??.??"]
[Round "?"]
[White "Berko, Michal"]
[Black "Ksir, Bohumil"]
[Result "1-0"]
[WhiteElo "2003"]
[BlackElo "2151"]
[PlyCount "43"]
[EventDate "2005.??.??"]
[EventType "corr"]
[EventRounds "2"]
[SourceDate "2005.03.12"]

1. Nf3 Nf6 2. c4 g6 3. Nc3 Bg7 4. e4 d6 5. d4 O-O 6. Be2 e5 7. O-O Nc6 8. h3
exd4 9. Nxd4 Nxe4 10. Nxc6 Nxc3 11. Nxd8 Nxd1 12. Rxd1 Rxd8 13. Bf3 Rb8 14. Bg5
Re8 15. Rd2 Be6 16. Rc1 Be5 17. b4 c5 18. b5 Kg7 19. Be3 h6 20. h4 h5 21. g3
Bxg3 22. fxg3 1-0

[Event "MCR_EM_CF12"]
[Site "?"]
[Date "2004.??.??"]
[Round "?"]
[White "Berko, Michal"]
[Black "Mikoska, Josef"]
[Result "1-0"]
[WhiteElo "2003"]
[BlackElo "2133"]
[PlyCount "79"]
[EventDate "2005.??.??"]
[EventType "corr"]
[EventRounds "2"]
[SourceDate "2005.03.12"]

1. Nf3 Nf6 2. c4 g6 3. Nc3 Bg7 4. e4 c5 5. d4 Qa5 6. Bd3 d6 7. O-O Bg4 8. dxc5
Qxc5 9. Be3 Qh5 10. Be2 Nc6 11. Qb3 Rb8 12. h3 Bxf3 13. Bxf3 Qa5 14. Rfd1 Nd7
15. Rac1 O-O 16. a3 Qd8 17. Be2 Qe8 18. Nd5 Nc5 19. Qc2 Ne6 20. b4 Ned4 21. Qa2
e6 22. Nc3 e5 23. Bd3 Rc8 24. Nd5 Ne7 25. a4 Nxd5 26. cxd5 Qe7 27. a5 Qd7 28.
Rxc8 Rxc8 29. a6 b6 30. Re1 Rc3 31. Qd2 Qc7 32. Rc1 Rxc1+ 33. Qxc1 Qxc1+ 34.
Bxc1 f5 35. Bg5 b5 36. f3 Kf7 37. Bd8 Ke8 38. Bb6 Kd7 39. exf5 gxf5 40. Kf2 1-0

[Event "MCR_EM_CF12"]
[Site "?"]
[Date "2004.??.??"]
[Round "?"]
[White "Berko, Michal"]
[Black "Paulik, Vaclav"]
[Result "1-0"]
[WhiteElo "2003"]
[BlackElo "2172"]
[PlyCount "99"]
[EventDate "2005.??.??"]
[EventType "corr"]
[EventRounds "2"]
[SourceDate "2005.03.12"]

1. c4 e5 2. Nc3 Nf6 3. Nf3 Nc6 4. g3 Bb4 5. Bg2 O-O 6. O-O e4 7. Ng5 Bxc3 8.
bxc3 Re8 9. d3 exd3 10. exd3 h6 11. Ne4 b6 12. Re1 Bb7 13. Bf4 Na5 14. c5 Bc6
15. f3 Nxe4 16. fxe4 bxc5 17. Qh5 d6 18. Rf1 Qe7 19. Bd2 Rab8 20. c4 Nb7 21.
Rab1 Rf8 22. Bc3 Qg5 23. Qd1 a6 24. Rf4 Bd7 25. Rf2 c6 26. Rb6 Rfc8 27. Rfb2
Rc7 28. a4 Qe3+ 29. Kh1 Be6 30. Qd2 Qxd2 31. Bxd2 a5 32. Bf4 Rd7 33. Rxc6 Re8
34. Ra6 Ree7 35. h3 f6 36. Rab6 Kf8 37. Kg1 h5 38. Kf2 Rc7 39. Bd2 Bc8 40. R2b5
Kf7 41. Bf4 g6 42. Bxd6 Nxd6 43. Rxd6 Red7 44. Rxd7+ Rxd7 45. Rxc5 Rxd3 46.
Rxc8 Ra3 47. Bf3 Rxa4 48. Ra8 Ke6 49. c5 Ra2+ 50. Be2 1-0

[Event "MCR_EM_CF12"]
[Site "?"]
[Date "2004.??.??"]
[Round "?"]
[White "Berko, Michal"]
[Black "Struzka, Vlastimil"]
[Result "1-0"]
[WhiteElo "2003"]
[BlackElo "2194"]
[PlyCount "109"]
[EventDate "2005.??.??"]
[EventType "corr"]
[EventRounds "2"]
[SourceDate "2005.03.12"]

1. c4 e5 2. Nc3 e4 3. Nxe4 Nc6 4. Nf3 Nf6 5. Nxf6+ Qxf6 6. e3 Be7 7. d4 d6 8.
Bd3 O-O 9. Bd2 Bf5 10. Bc3 Qg6 11. Bxf5 Qxf5 12. O-O Bf6 13. Nd2 Rfe8 14. Rc1
Rad8 15. Qf3 Qxf3 16. Nxf3 d5 17. cxd5 Rxd5 18. Rfd1 h6 19. Kf1 Ne7 20. Bb4 c6
21. Bc5 Rdd8 22. Rd3 a6 23. Nd2 Nd5 24. Rb3 Rd7 25. h3 Be7 26. Nc4 Bf8 27. g3
Re6 28. Ke2 h5 29. Ne5 Rc7 30. Bxf8 Kxf8 31. e4 Nf6 32. f3 Ke8 33. Ke3 Nd7 34.
Nd3 Rg6 35. g4 hxg4 36. hxg4 Kd8 37. Rh1 Ke7 38. Rh8 Rg5 39. Rc3 a5 40. b3 b6
41. b4 f6 42. a3 Rb5 43. f4 c5 44. d5 axb4 45. axb4 Ra7 46. e5 fxe5 47. fxe5 c4
48. d6+ Kf7 49. Rxc4 Ra3 50. Rf4+ Kg6 51. Ke4 Rxd3 52. Kxd3 Rxe5 53. Kc3 b5 54.
Rd8 Nb6 55. Rd4 1-0

[Event "MCR_EM_CF12"]
[Site "?"]
[Date "2004.??.??"]
[Round "?"]
[White "Berko, Michal"]
[Black "Valenta, Josef"]
[Result "1/2-1/2"]
[WhiteElo "2003"]
[BlackElo "2110"]
[PlyCount "87"]
[EventDate "2005.??.??"]
[EventType "corr"]
[EventRounds "2"]
[SourceDate "2005.03.12"]

1. Nf3 d5 2. g3 g6 3. Bg2 Bg7 4. O-O e5 5. d3 Ne7 6. c4 O-O 7. cxd5 Nxd5 8. Nc3
c6 9. h3 Na6 10. Bd2 Re8 11. Qc1 Be6 12. Bh6 f6 13. Bxg7 Kxg7 14. Rd1 Qd7 15.
Kh2 Bf7 16. Ne4 Rad8 17. d4 exd4 18. Nxd4 Qe7 19. a3 Nb6 20. e3 Bd5 21. Nc3
Bxg2 22. Kxg2 Rd7 23. Qc2 Nd5 24. Nxd5 Rxd5 25. Ne2 Red8 26. Rxd5 Rxd5 27. Nf4
Rd8 28. Rd1 Rxd1 29. Qxd1 Nc5 30. b4 Nd7 31. Qd3 b6 32. Qb3 c5 33. Ne6+ Kh6 34.
Qc4 g5 35. h4 gxh4 36. Qxh4+ Kg6 37. Nf4+ Kg7 38. Qg4+ Kf7 39. Qf5 Ke8 40. Qh5+
Qf7 41. Qf3 Ke7 42. Qc6 cxb4 43. axb4 Ne5 44. Qc7+ 1/2-1/2

[Event "MCR_EM_CF12"]
[Site "?"]
[Date "2004.??.??"]
[Round "?"]
[White "Jakimic, Viktor"]
[Black "Berko, Michal"]
[Result "1/2-1/2"]
[WhiteElo "2110"]
[BlackElo "2003"]
[PlyCount "101"]
[EventDate "2005.??.??"]
[EventType "corr"]
[EventRounds "2"]
[SourceDate "2005.03.12"]

1. d4 d5 2. c4 dxc4 3. e4 e5 4. Nf3 exd4 5. Bxc4 Nc6 6. O-O Nf6 7. e5 Ne4 8.
Re1 Nc5 9. Bg5 Qd7 10. b4 Ne6 11. b5 Ncd8 12. a4 a6 13. bxa6 bxa6 14. Bxd8 Qxd8
15. Qb3 c5 16. Nbd2 Be7 17. Reb1 O-O 18. Ne1 Nf4 19. Qf3 Be6 20. Nd3 Ng6 21.
Qc6 Bf5 22. Re1 Bd7 23. Qf3 Qc8 24. h3 Rb8 25. Qe2 Rd8 26. Ne4 Be6 27. Qa2 Rb6
28. Rac1 Nh4 29. Nf4 Bxc4 30. Qxc4 Qf5 31. Nd5 Re6 32. Nxe7+ Rxe7 33. Ng3 Qc8
34. Re4 Ng6 35. f4 Rc7 36. e6 fxe6 37. f5 Ne7 38. Rxe6 Kh8 39. Rxa6 Nd5 40. Re6
Ne3 41. Qd3 c4 42. Qe4 Rf7 43. f6 Rxf6 44. Rxf6 gxf6 45. Qe7 Nd5 46. Qa7 d3 47.
Qd4 Qc7 48. Nf1 c3 49. Qxd3 Nf4 50. Qf3 Rd3 51. Qf2 1/2-1/2

[Event "MCR_EM_CF12"]
[Site "?"]
[Date "2004.??.??"]
[Round "?"]
[White "Jakimic, Viktor"]
[Black "Ksir, Bohumil"]
[Result "1/2-1/2"]
[WhiteElo "2110"]
[BlackElo "2151"]
[PlyCount "45"]
[EventDate "2005.??.??"]
[EventType "corr"]
[EventRounds "2"]
[SourceDate "2005.03.12"]

1. d4 Nf6 2. c4 c5 3. d5 e6 4. Nc3 exd5 5. cxd5 d6 6. e4 g6 7. f4 Bg7 8. Bb5+
Nbd7 9. e5 dxe5 10. fxe5 Nh5 11. e6 Qh4+ 12. Kd2 fxe6 13. dxe6 Bxc3+ 14. bxc3
O-O 15. Nf3 Qg4 16. Re1 a6 17. exd7 axb5 18. dxc8=Q Raxc8 19. Kc2 Qxg2+ 20. Nd2
Qxh2 21. Kb1 Rcd8 22. Qb3+ Kh8 23. Ne4 1/2-1/2

[Event "MCR_EM_CF12"]
[Site "?"]
[Date "2004.??.??"]
[Round "?"]
[White "Jakimic, Viktor"]
[Black "Mikoska, Josef"]
[Result "1/2-1/2"]
[WhiteElo "2110"]
[BlackElo "2133"]
[PlyCount "79"]
[EventDate "2005.??.??"]
[EventType "corr"]
[EventRounds "2"]
[SourceDate "2005.03.12"]

1. d4 g6 2. e4 Bg7 3. c4 c6 4. Nc3 d6 5. f4 Qb6 6. Nf3 Bg4 7. Na4 Qa5+ 8. Bd2
Qc7 9. Be3 e6 10. Nc3 Ne7 11. h3 Bxf3 12. Qxf3 Nd7 13. Bd3 O-O 14. O-O f5 15.
Rae1 Qb6 16. Ne2 d5 17. e5 Qa6 18. b3 Qxa2 19. c5 Qa5 20. Ra1 Qc7 21. Qg3 Kf7
22. Ra3 b6 23. b4 Rfb8 24. Bd2 b5 25. Rfa1 Kg8 26. Kh2 Nf8 27. Ng1 Kf7 28. Nf3
h6 29. h4 h5 30. Ng5+ Kg8 31. Ra6 Qd7 32. Be2 Nh7 33. Nf3 Kf7 34. Ne1 Ng8 35.
Qa3 Rb7 36. Qg3 Rbb8 37. Nd3 Nh6 38. Nc1 Ng4+ 39. Kg1 Kg8 40. Nb3 1/2-1/2

[Event "MCR_EM_CF12"]
[Site "?"]
[Date "2004.??.??"]
[Round "?"]
[White "Jakimic, Viktor"]
[Black "Paulik, Vaclav"]
[Result "1/2-1/2"]
[WhiteElo "2110"]
[BlackElo "2172"]
[PlyCount "45"]
[EventDate "2005.??.??"]
[EventType "corr"]
[EventRounds "2"]
[SourceDate "2005.03.12"]

1. d4 Nf6 2. c4 g6 3. Nc3 d5 4. Nf3 Bg7 5. e3 c6 6. cxd5 cxd5 7. Bb5+ Bd7 8.
Qb3 Bxb5 9. Qxb5+ Qd7 10. Ne5 Qxb5 11. Nxb5 Na6 12. a3 Nd7 13. Nd3 O-O 14. Nf4
Nf6 15. Nc3 e6 16. f3 Ne8 17. b3 Rc8 18. Bd2 Nd6 19. Nd3 Nb8 20. Rc1 Nc6 21.
Ne2 a5 22. Nc3 Rc7 23. Kf2 1/2-1/2

[Event "MCR_EM_CF12"]
[Site "?"]
[Date "2004.??.??"]
[Round "?"]
[White "Jakimic, Viktor"]
[Black "Struzka, Vlastimil"]
[Result "1/2-1/2"]
[WhiteElo "2110"]
[BlackElo "2194"]
[PlyCount "50"]
[EventDate "2005.??.??"]
[EventType "corr"]
[EventRounds "2"]
[SourceDate "2005.03.12"]

1. d4 d5 2. Nf3 Nf6 3. c4 e6 4. Nc3 Nbd7 5. e3 c6 6. Qc2 Bd6 7. Be2 O-O 8. b3
b6 9. O-O Qc7 10. Bb2 Bb7 11. cxd5 cxd5 12. Rfc1 a6 13. Bd3 Rfc8 14. Qe2 Qd8
15. Nd2 b5 16. a3 Rc7 17. f4 Nb6 18. g4 h6 19. h4 h5 20. gxh5 Rac8 21. Nd1 Rxc1
22. Rxc1 Rxc1 23. Bxc1 Qf8 24. b4 Nc4 25. Nb3 Qd8 1/2-1/2

[Event "MCR_EM_CF12"]
[Site "?"]
[Date "2004.??.??"]
[Round "?"]
[White "Jakimic, Viktor"]
[Black "Valenta, Josef"]
[Result "1-0"]
[WhiteElo "2110"]
[BlackElo "2110"]
[PlyCount "91"]
[EventDate "2005.??.??"]
[EventType "corr"]
[EventRounds "2"]
[SourceDate "2005.03.12"]

1. d4 Nf6 2. c4 e6 3. Nf3 c5 4. e3 cxd4 5. exd4 Bb4+ 6. Nc3 b6 7. Bd3 O-O 8.
O-O Bb7 9. Bg5 Bxc3 10. bxc3 d6 11. Nd2 Nbd7 12. Ne4 h6 13. Bh4 Bxe4 14. Bxe4
Rc8 15. Bd3 b5 16. cxb5 Rxc3 17. Rc1 Qc7 18. Bg3 Rxc1 19. Qxc1 Qb6 20. Qc6 Qxd4
21. Qxd6 Nd5 22. Qxd7 Qxd3 23. a4 Ra8 24. a5 Qc4 25. Be5 Qe2 26. Bd6 Qc4 27.
Qc6 Rc8 28. Qxc4 Rxc4 29. Ra1 Rc8 30. Kf1 g6 31. Rb1 Rd8 32. Be5 Rd7 33. Bd4
Kf8 34. a6 Ke8 35. Ra1 Nb4 36. Be3 Nc2 37. b6 Nxa1 38. b7 Rd1+ 39. Ke2 Rb1 40.
Bxa7 Rb2+ 41. Kd3 Kd7 42. b8=Q Rxb8 43. Bxb8 Kc6 44. Kc3 Kb6 45. a7 Kb7 46. Kb2
1-0

[Event "MCR_EM_CF12"]
[Site "?"]
[Date "2004.??.??"]
[Round "?"]
[White "Jarabinsky, Martin"]
[Black "Berko, Michal"]
[Result "0-1"]
[WhiteElo "2116"]
[BlackElo "2003"]
[PlyCount "56"]
[EventDate "2005.??.??"]
[EventType "corr"]
[EventRounds "2"]
[SourceDate "2005.03.12"]

1. Nf3 Nf6 2. c4 g6 3. g3 Bg7 4. Bg2 O-O 5. d4 d6 6. Nc3 Nbd7 7. O-O c6 8. Bf4
Re8 9. Qc2 e5 10. dxe5 dxe5 11. Bg5 h6 12. Be3 e4 13. Nd2 Ng4 14. Ndxe4 f5 15.
Nd6 Rxe3 16. fxe3 Nxe3 17. Qd2 Nxf1 18. Rxf1 Ne5 19. e4 Nf7 20. c5 Be5 21. Rd1
Qf8 22. Qd3 Nxd6 23. cxd6 Be6 24. exf5 Bxf5 25. Qc4+ Kh7 26. Qc5 Qg7 27. a4 a6
28. Qb6 Qd7 0-1

[Event "MCR_EM_CF12"]
[Site "?"]
[Date "2004.??.??"]
[Round "?"]
[White "Jarabinsky, Martin"]
[Black "Jakimic, Viktor"]
[Result "1/2-1/2"]
[WhiteElo "2116"]
[BlackElo "2110"]
[PlyCount "79"]
[EventDate "2005.??.??"]
[EventType "corr"]
[EventRounds "2"]
[SourceDate "2005.03.12"]

1. Nf3 d5 2. c4 c6 3. b3 Nf6 4. g3 e6 5. Bg2 Nbd7 6. O-O Be7 7. d4 O-O 8. Bb2
b6 9. Nbd2 Bb7 10. Qc2 Rc8 11. e4 dxe4 12. Nxe4 Nxe4 13. Qxe4 Nf6 14. Qc2 Qc7
15. Ng5 h6 16. Ne4 Rfd8 17. Rad1 Nxe4 18. Bxe4 Bf6 19. Rfe1 Rd7 20. Re3 b5 21.
Red3 Rcd8 22. R3d2 b4 23. Rd3 a5 24. R3d2 g6 25. Bg2 Bg7 26. Rd3 Qb6 27. Qc1
Qa7 28. Qd2 e5 29. d5 cxd5 30. Bxd5 Bc6 31. Qc2 e4 32. R3d2 Bxd5 33. Rxd5 Rxd5
34. Rxd5 Rxd5 35. cxd5 Bxb2 36. Qxb2 e3 37. Qe2 Qd4 38. Qxe3 Qd1+ 39. Kg2 Qxd5+
40. Qf3 1/2-1/2

[Event "MCR_EM_CF12"]
[Site "?"]
[Date "2004.??.??"]
[Round "?"]
[White "Jarabinsky, Martin"]
[Black "Ksir, Bohumil"]
[Result "0-1"]
[WhiteElo "2116"]
[BlackElo "2151"]
[PlyCount "53"]
[EventDate "2005.??.??"]
[EventType "corr"]
[EventRounds "2"]
[SourceDate "2005.03.12"]

1. Nf3 d5 2. g3 Nf6 3. Bg2 g6 4. c4 Bg7 5. d4 dxc4 6. Qa4+ Nfd7 7. Qxc4 Nc6 8.
O-O Nb6 9. Qc2 O-O 10. Rd1 Bg4 11. d5 Nxd5 12. Qb3 Be6 13. Qxb7 Ncb4 14. e4 Nc2
15. exd5 Nxa1 16. Nc3 Bf5 17. Bg5 Rb8 18. Qxa7 Rxb2 19. Qa3 Rc2 20. Nb5 c5 21.
d6 Qd7 22. Bxe7 Qxb5 23. Bf1 Qb7 24. Bxf8 Rc3 25. Qa6 Qxa6 26. Bxa6 Kxf8 27.
Nh4 0-1

[Event "MCR_EM_CF12"]
[Site "?"]
[Date "2004.??.??"]
[Round "?"]
[White "Jarabinsky, Martin"]
[Black "Mikoska, Josef"]
[Result "0-1"]
[WhiteElo "2116"]
[BlackElo "2133"]
[PlyCount "62"]
[EventDate "2005.??.??"]
[EventType "corr"]
[EventRounds "2"]
[SourceDate "2005.03.12"]

1. Nf3 g6 2. g3 c5 3. Bg2 Bg7 4. O-O Nc6 5. d3 d6 6. e4 e5 7. c3 Nge7 8. Be3
O-O 9. Na3 Bg4 10. h3 Be6 11. Ng5 Bd7 12. f4 h6 13. Nf3 exf4 14. Bxf4 Be6 15.
Qd2 g5 16. Be3 f5 17. Kh2 Qd7 18. h4 fxe4 19. dxe4 gxh4 20. Nxh4 Ne5 21. Bf4
Rad8 22. Kg1 Kh7 23. b3 b5 24. Nc2 N7g6 25. Nf5 Nxf4 26. gxf4 Bxf5 27. exf5 Ng4
28. Rae1 d5 29. Bh3 Nf6 30. Qg2 Rg8 31. Kh2 Kh8 0-1

[Event "MCR_EM_CF12"]
[Site "?"]
[Date "2004.??.??"]
[Round "?"]
[White "Jarabinsky, Martin"]
[Black "Paulik, Vaclav"]
[Result "0-1"]
[WhiteElo "2116"]
[BlackElo "2172"]
[PlyCount "64"]
[EventDate "2005.??.??"]
[EventType "corr"]
[EventRounds "2"]
[SourceDate "2005.03.12"]

1. Nf3 Nf6 2. c4 b6 3. g3 c5 4. Bg2 Bb7 5. O-O e6 6. b3 Be7 7. Bb2 d5 8. e3 O-O
9. d3 Nc6 10. Qe2 Qc7 11. Rd1 Rad8 12. Nc3 Qb8 13. cxd5 exd5 14. d4 Rfe8 15.
Rac1 cxd4 16. Nxd4 Nxd4 17. exd4 a6 18. Qf3 b5 19. Re1 Bd6 20. a3 h5 21. Re3
Qa7 22. Rd3 Qb6 23. b4 a5 24. bxa5 Qxa5 25. Rdd1 h4 26. gxh4 Rc8 27. Bf1 Bxa3
28. Ra1 b4 29. Nb5 Ne4 30. Bxa3 bxa3 31. Rxa3 Qd8 32. Nc3 Rc6 0-1

[Event "MCR_EM_CF12"]
[Site "?"]
[Date "2004.??.??"]
[Round "?"]
[White "Jarabinsky, Martin"]
[Black "Struzka, Vlastimil"]
[Result "0-1"]
[WhiteElo "2116"]
[BlackElo "2194"]
[PlyCount "106"]
[EventDate "2005.??.??"]
[EventType "corr"]
[EventRounds "2"]
[SourceDate "2005.03.12"]

1. Nf3 d5 2. c4 dxc4 3. Qa4+ Nc6 4. e3 Bd7 5. Bxc4 Nf6 6. Nc3 e6 7. Qc2 Nb4 8.
Qb3 a5 9. O-O Bd6 10. e4 a4 11. Qd1 e5 12. d4 exd4 13. e5 dxc3 14. exd6 O-O 15.
bxc3 b5 16. Bf4 cxd6 17. Bxd6 bxc4 18. Bxf8 Nd3 19. Bb4 Bg4 20. h3 Bh5 21. g4
Bg6 22. Ne1 Ne4 23. Nxd3 cxd3 24. Kg2 Rc8 25. f3 Nf6 26. Qd2 Nd5 27. Rf2 f5 28.
Rc1 f4 29. Kh2 Qh4 30. Rg2 Ne3 31. Qe1 Qxe1 32. Rxe1 Re8 33. c4 Nxg2 34. Rxe8+
Bxe8 35. Kxg2 Bf7 36. a3 g5 37. h4 h6 38. c5 Bd5 39. Be1 Kf7 40. Kf2 Ke6 41.
Ba5 Kd7 42. hxg5 hxg5 43. Bc3 Ke6 44. Ba5 Ke7 45. Bb4 Bc6 46. Ba5 Ba8 47. Bb4
Ke6 48. Bc3 Bc6 49. Ba5 Kd5 50. Ke1 Kc4 51. Kd2 Bxf3 52. Bd8 Bxg4 53. Bxg5 f3
0-1

[Event "MCR_EM_CF12"]
[Site "?"]
[Date "2004.??.??"]
[Round "?"]
[White "Jarabinsky, Martin"]
[Black "Valenta, Josef"]
[Result "0-1"]
[WhiteElo "2116"]
[BlackElo "2110"]
[PlyCount "68"]
[EventDate "2005.??.??"]
[EventType "corr"]
[EventRounds "2"]
[SourceDate "2005.03.12"]

1. Nf3 d5 2. c4 dxc4 3. Qa4+ Nd7 4. g3 Ngf6 5. Bg2 g6 6. Qxc4 Bg7 7. O-O O-O 8.
d3 c6 9. Qc2 Nd5 10. Nc3 Nb4 11. Qb3 Na6 12. Be3 Nb6 13. Ng5 e5 14. Rac1 h6 15.
Nf3 Be6 16. Qc2 Nd5 17. Nxd5 Bxd5 18. Qa4 Re8 19. Rfd1 Nc7 20. Nd2 Bxg2 21.
Kxg2 Ne6 22. Qb4 Re7 23. Kg1 Nd4 24. Re1 a5 25. Qc5 b6 26. Qc4 Re6 27. a4 Qd7
28. Ne4 Rae8 29. f3 f5 30. Nd2 b5 31. Qa2 bxa4 32. Qxa4 Rb8 33. Kf1 Rxb2 34.
Nc4 Rb5 0-1

[Event "MCR_EM_CF12"]
[Site "?"]
[Date "2004.??.??"]
[Round "?"]
[White "Ksir, Bohumil"]
[Black "Berko, Michal"]
[Result "1/2-1/2"]
[WhiteElo "2151"]
[BlackElo "2003"]
[PlyCount "43"]
[EventDate "2005.??.??"]
[EventType "corr"]
[EventRounds "2"]
[SourceDate "2005.03.12"]

1. d4 Nf6 2. Bg5 Ne4 3. Bf4 c5 4. f3 Qa5+ 5. c3 Nf6 6. Nd2 cxd4 7. Nb3 Qd8 8.
cxd4 d5 9. e3 e6 10. Nh3 Bb4+ 11. Kf2 O-O 12. Rc1 Nc6 13. Bb5 Bd7 14. Nc5 Bxc5
15. Rxc5 Re8 16. Qc2 e5 17. dxe5 Nxe5 18. Bxd7 Nexd7 19. Rc7 b6 20. b4 a5 21.
b5 Nc5 22. Rd1 1/2-1/2

[Event "MCR_EM_CF12"]
[Site "?"]
[Date "2004.??.??"]
[Round "?"]
[White "Ksir, Bohumil"]
[Black "Jakimic, Viktor"]
[Result "1/2-1/2"]
[WhiteElo "2151"]
[BlackElo "2110"]
[PlyCount "47"]
[EventDate "2005.??.??"]
[EventType "corr"]
[EventRounds "2"]
[SourceDate "2005.03.12"]

1. e4 c5 2. Nf3 Nc6 3. d4 cxd4 4. Nxd4 g6 5. Nxc6 bxc6 6. Qd4 Nf6 7. e5 Nd5 8.
Nc3 Qb6 9. Qxb6 Nxb6 10. Bf4 Bg7 11. Bd3 f6 12. exf6 Bxf6 13. O-O O-O 14. Bh6
Re8 15. Nd1 d5 16. Re1 c5 17. Rc1 e5 18. c4 Ba6 19. Be2 Bxc4 20. Bxc4 Nxc4 21.
b3 Nb6 22. Rxc5 Rec8 23. Rb5 Rc2 24. Ra5 1/2-1/2

[Event "MCR_EM_CF12"]
[Site "?"]
[Date "2004.??.??"]
[Round "?"]
[White "Ksir, Bohumil"]
[Black "Jarabinsky, Martin"]
[Result "1-0"]
[WhiteElo "2151"]
[BlackElo "2116"]
[PlyCount "54"]
[EventDate "2005.??.??"]
[EventType "corr"]
[EventRounds "2"]
[SourceDate "2005.03.12"]

1. e4 e6 2. d4 c5 3. d5 exd5 4. exd5 d6 5. Nf3 Nf6 6. Nc3 Be7 7. Bb5+ Nbd7 8.
a4 O-O 9. O-O a6 10. Be2 Re8 11. Re1 b6 12. Bd3 Nf8 13. Nd2 Bg4 14. f3 Bd7 15.
a5 b5 16. Nce4 Qc7 17. Ng3 b4 18. Nde4 Ng6 19. Nf2 Qb7 20. Bc4 Ne5 21. b3 Rad8
22. Bb2 Bc8 23. Qd2 Nxc4 24. bxc4 Qd7 25. Re2 h6 26. Rae1 Nh7 27. Bxg7 Kxg7 1-0

[Event "MCR_EM_CF12"]
[Site "?"]
[Date "2004.??.??"]
[Round "?"]
[White "Ksir, Bohumil"]
[Black "Mikoska, Josef"]
[Result "1-0"]
[WhiteElo "2151"]
[BlackElo "2133"]
[PlyCount "59"]
[EventDate "2005.??.??"]
[EventType "corr"]
[EventRounds "2"]
[SourceDate "2005.03.12"]

1. d4 g6 2. Nf3 f5 3. Bf4 Bg7 4. e3 Nf6 5. Bc4 d5 6. Bb3 c5 7. c4 Nc6 8. O-O
cxd4 9. exd4 dxc4 10. Bxc4 Nd5 11. Be5 Nxe5 12. Nxe5 O-O 13. Nc3 e6 14. Bxd5
exd5 15. Qb3 Be6 16. Rfe1 Re8 17. Qxb7 Rb8 18. Qxa7 Rxb2 19. a4 Qc8 20. Nb5 Qc2
21. Rf1 Qc8 22. Rac1 Qb8 23. Qc5 Bxe5 24. dxe5 Bf7 25. Nd6 Rxe5 26. Qd4 Qxd6
27. Qxb2 h6 28. Rfe1 Rxe1+ 29. Rxe1 Qa6 30. Qb5 1-0

[Event "MCR_EM_CF12"]
[Site "?"]
[Date "2004.??.??"]
[Round "?"]
[White "Ksir, Bohumil"]
[Black "Paulik, Vaclav"]
[Result "1-0"]
[WhiteElo "2151"]
[BlackElo "2172"]
[PlyCount "45"]
[EventDate "2005.??.??"]
[EventType "corr"]
[EventRounds "2"]
[SourceDate "2005.03.12"]

1. d4 Nf6 2. c4 g6 3. Nc3 d5 4. cxd5 Nxd5 5. e4 Nxc3 6. bxc3 Bg7 7. Bc4 c5 8.
Ne2 Nc6 9. Be3 O-O 10. O-O Bg4 11. f3 Na5 12. Bxf7+ Rxf7 13. fxg4 Rxf1+ 14.
Kxf1 Qd6 15. e5 Qd5 16. Bf2 Rd8 17. Qa4 b6 18. Qc2 Qc4 19. Qe4 Qa4 20. Kg1 Nc6
21. Nf4 cxd4 22. Ne6 Rd6 23. exd6 1-0

[Event "MCR_EM_CF12"]
[Site "?"]
[Date "2004.??.??"]
[Round "?"]
[White "Ksir, Bohumil"]
[Black "Struzka, Vlastimil"]
[Result "1-0"]
[WhiteElo "2151"]
[BlackElo "2194"]
[PlyCount "89"]
[EventDate "2005.??.??"]
[EventType "corr"]
[EventRounds "2"]
[SourceDate "2005.03.12"]

1. d4 d5 2. c4 dxc4 3. Nf3 Nf6 4. e3 e6 5. Bxc4 c5 6. O-O cxd4 7. exd4 Bd6 8.
Nc3 O-O 9. Bg5 Nbd7 10. Rc1 h6 11. Bh4 a6 12. a4 Qb6 13. d5 e5 14. Qc2 Qb4 15.
b3 Rb8 16. Rfd1 b5 17. axb5 axb5 18. Bd3 Re8 19. Re1 Ba6 20. Bf5 Bb7 21. Qd1
Ra8 22. Ne4 Ra2 23. Qd3 Ra3 24. Nxf6+ Nxf6 25. Bxf6 gxf6 26. Nd2 Rea8 27. Be6
Kh8 28. Bxf7 Qf4 29. g3 Qg4 30. Qxb5 R3a7 31. Ne4 Bf8 32. Qb6 Qf5 33. Be6 Qg6
34. b4 Be7 35. Rc7 Ra1 36. Rcc1 R1a7 37. Nd6 Bxd6 38. Qxd6 Ba6 39. Rc7 Rxc7 40.
Qxc7 Bd3 41. d6 Qe8 42. d7 Qd8 43. Rc1 Kg7 44. Qxd8 Rxd8 45. Rc8 1-0

[Event "MCR_EM_CF12"]
[Site "?"]
[Date "2004.??.??"]
[Round "?"]
[White "Ksir, Bohumil"]
[Black "Valenta, Josef"]
[Result "1-0"]
[WhiteElo "2151"]
[BlackElo "2110"]
[PlyCount "39"]
[EventDate "2005.??.??"]
[EventType "corr"]
[EventRounds "2"]
[SourceDate "2005.03.12"]

1. d4 Nf6 2. c4 e6 3. Nf3 c6 4. Nc3 d5 5. e3 Nbd7 6. Bd3 Bd6 7. e4 dxe4 8. Nxe4
Nxe4 9. Bxe4 e5 10. O-O exd4 11. Qxd4 Qf6 12. Rd1 Qxd4 13. Nxd4 Nf6 14. Bf3 Ng4
15. h3 Bh2+ 16. Kf1 Ne5 17. b3 O-O 18. g3 c5 19. Bf4 Ng6 20. Ne2 1-0

[Event "MCR_EM_CF12"]
[Site "?"]
[Date "2004.??.??"]
[Round "?"]
[White "Mikoska, Josef"]
[Black "Berko, Michal"]
[Result "0-1"]
[WhiteElo "2133"]
[BlackElo "2003"]
[PlyCount "87"]
[EventDate "2005.??.??"]
[EventType "corr"]
[EventRounds "2"]
[SourceDate "2005.03.12"]

1. e4 e5 2. Nf3 Nf6 3. Nc3 Nc6 4. Bb5 Nd4 5. Ba4 Bc5 6. Nxe5 O-O 7. Nd3 Bb6 8.
O-O d5 9. Nxd5 Nxd5 10. exd5 Qxd5 11. Kh1 Qe4 12. Qe1 Ne2 13. b4 a5 14. Rb1 Bf5
15. Ba3 axb4 16. Rxb4 Nd4 17. Bb2 Qd5 18. Qe5 Qxe5 19. Nxe5 Bxc2 20. Bd7 Nc6
21. Bxc6 bxc6 22. Rc1 c5 23. Rf4 Ba4 24. Ra1 f6 25. Nf3 Rfe8 26. Bc3 Ra6 27.
Kg1 Rea8 28. a3 Bb3 29. Bb2 Bd5 30. h3 c4 31. Nd4 Ba5 32. Ne2 c6 33. Rg4 Kf7
34. Nc3 Rb6 35. Bc1 Re8 36. Kf1 h5 37. Rg3 h4 38. Nxd5 cxd5 39. Re3 d4 40. Rxe8
Kxe8 41. Ke2 Re6+ 42. Kf3 d3 43. Rb1 Re2 44. Rb2 0-1